Associez le département au numéro - Aléatoire - Statistiques

Statistiques générales
  • Ce quiz a été pris 1 260 fois
  • Le résultat moyen est 48 sur 60
Statistiques - réponses
Département # % Correct
Ain 01
93%
Aisne 02
92%
Aube 10
91%
Ariège 09
90%
Aude 11
90%
Haute-Corse 2B
90%
Gironde 33
90%
Allier 03
89%
Ardèche 07
89%
Côtes-d'Armor 22
89%
Hérault 34
89%
Paris 75
89%
Aveyron 12
88%
Bouches-du-Rhône 13
88%
Charente-Maritime 17
88%
Rhône 69
88%
Calvados 14
87%
Finistère 29
87%
Corse-du-Sud 2A
87%
Manche 50
87%
Alpes-Maritimes 06
86%
Ardennes 08
85%
Cantal 15
85%
Charente 16
85%
Eure 27
85%
Var 83
85%
Seine-Saint-Denis 93
85%
Pas-de-Calais 62
84%
Haut-Rhin 68
84%
Hautes-Alpes 05
83%
Côte-d'Or 21
83%
Dordogne 24
83%
Drôme 26
83%
Loire-Atlantique 44
83%
Orne 61
83%
Hautes-Pyrénées 65
83%
Alpes-de-Haute-Provence 04
82%
Cher 18
82%
Corrèze 19
82%
Gard 30
82%
Savoie 73
82%
Hauts-de-Seine 92
82%
Marne 51
81%
Nord 59
81%
Haute-Savoie 74
81%
Somme 80
81%
Vendée 85
81%
Ille-et-Vilaine 35
80%
Indre-et-Loire 37
80%
Meuse 55
80%
Morbihan 56
80%
Oise 60
80%
Pyrénées-Orientales 66
80%
Seine-et-Marne 77
80%
Yvelines 78
80%
Vaucluse 84
80%
Vosges 88
80%
Doubs 25
79%
Haute-Garonne 31
79%
Landes 40
79%
Loire 42
79%
Meurthe-et-Moselle 54
79%
Puy-de-Dôme 63
79%
Bas-Rhin 67
79%
Sarthe 72
79%
Tarn 81
79%
Territoire de Belfort 90
79%
Pyrénées-Atlantiques 64
78%
Yonne 89
78%
Eure-et-Loir 28
77%
Gers 32
77%
Isère 38
77%
Haute-Loire 43
77%
Maine-et-Loire 49
77%
Moselle 57
77%
Haute-Vienne 87
77%
Essonne 91
77%
Val-de-Marne 94
77%
Val-d'Oise 95
77%
La Réunion 974
77%
Loiret 45
76%
Lot 46
76%
Lozère 48
76%
Lot-et-Garonne 47
75%
Nièvre 58
75%
Tarn-et-Garonne 82
75%
Creuse 23
74%
Mayenne 53
74%
Indre 36
73%
Seine-Maritime 76
73%
Martinique 972
73%
Loir-et-Cher 41
71%
Haute-Marne 52
71%
Vienne 86
71%
Guadeloupe 971
71%
Deux-Sèvres 79
70%
Guyane 973
70%
Mayotte 976
70%
Jura 39
69%
Saône-et-Loire 71
69%
Haute-Saône 70
68%
Aucun quiz correspondant
Distribution des résultats
% des personnes avec chaque résultat
Percentile par nombre de réponses
Votre historique - résultats
Vous n’avez pas pris ce quiz